000 02203nam1a22003851 4500
001 v19\rc\1468160
005 20251115134900.2
035 _a(NLR Aleph) 004604200
090 _a2826361
_c2826361
100 _a20060620g18761916|||y0rusy50 ca
101 0 _arus
102 _aRU
105 _a z |||||
200 1 _aМедицинский отчет по Лихачевскому родильному отделению Казанской губернской земской больницы...
210 _aКазань
_d1876-1916
215 _d24
300 _aСост. отчетов: за 1875/76-77 гг.: д-р мед. А.Н. Соловьев; за 1889-1907 гг.: д-р мед. И.М. Львов; за 1906-11 гг.: врач Б.Н. Агафонов; за 1913-15 гг.: М.С. Малиновский
300 _aЗагл. отчетов: за 1875/76-77 гг.: Медицинский отчет Лихачевского родильного отделения Казанской губернской земской больницы; за 1897-98, 1901-1902 гг.: Отчет...
300 _aНадзаг. отчетов за 1897-98, 1901-1902 гг.: Лихач. родил. отд-ние Казан. губ. зем. больницы
702 1 _aСоловьев
_bА. Н.
_f1853-
_gАлександр Николаевич
_4220
702 1 _aЛьвов
_bИ. М.
_gИван Моисеевич
_4220
702 1 _aАгафонов
_bБ. Н.
_f1873-
_gБорис Николаевич
_4220
702 1 _aМалиновский
_bМ. С.
_f1880-
_gМихаил Сергеевич
_4220
710 0 2 _aКазанская губернская земская больница
_bЛихачевское родильное отделение
_9413333
_3RU\NLR\AUTH\889958580
801 0 _aRU
_bNLR
_gpsbo
801 0 _aRU
_bRuMoRGB
_2psbo
801 1 _aRU
_bProSoft-M
_2rusmarc
852 _aNLR
_bЗем
_j13/О10
852 _aNLR
_j+Шифры разные
_y(1875-1914 и прил. к 1877)
899 _aRuMoRGB
_jU 20/212
_z(1875-1915*)
899 _aRuMoRGB
_jB 23/307
_z(1875-1915*)
899 _aRuMoRGB
_jU 272/306
_z(1875-1915*)
899 _aБАН
_z(1875-1914)
942 _cBOOK
980 _aNB